00641nam a22001817a 4500003000500000005001700005008004100022010001000063011001000073035001000083040000900093100003400102245012900136260003800265300002000303502010200323650003400425CHAP20220329140608.0971013s1960 r 00010 d a54471 a55443 a59595 cCHAP00aSandoval Guerrero, Margarita. aValoración del método del papel filtro para la recolección de materias fecales destinadas a estudios bacteriológicos aMéxico, D.F. :bEl autor,c1960 a22 h.b: tablas aTesis (Químico Bacteriólogo y Parasitologo) -- INP. Escuela Nacional de Ciencias Biológicas14aMaterias fecalesxAnálisis.